Benavente y tierra de campos
Guardat en:
| Autor principal: | |
|---|---|
| Format: | Llibre |
| Idioma: | espanyol |
| Publicat: |
Zamora
s.n
1983
|
| Matèries: | |
| Etiquetes: |
Afegir etiqueta
Sense etiquetes, Sigues el primer a etiquetar aquest registre!
|
MARC
| LEADER | 00000nam a2200000 a 4500 | ||
|---|---|---|---|
| 001 | UCV2142 | ||
| 003 | CL-VaPUC | ||
| 008 | 911113e19830000SP |||||||||||||||||spa|d | ||
| 082 | 0 | 4 | |a 946.24 |b MUÑ |2 21 |
| 100 | |a Muñoz Miñambres, José |e autor |9 296391 | ||
| 245 | 1 | 0 | |a Benavente y tierra de campos |
| 300 | |a 262 p | ||
| 942 | |c BK | ||
| 945 | |d 19911113 00:00:00 | ||
| 260 | |a Zamora |b s.n |c 1983 | ||
| 650 | 0 | |a Historia |9 255047 | |
| 651 | 0 | |a España |9 254926 | |
| 583 | |a last modification |c 20130307 07:22:36 |k Rodrigo Vera | ||
| 999 | |c 209825 |d 209823 | ||
| 952 | |0 0 |1 0 |4 0 |6 946_240000000000000_MUÑ_1983 |7 0 |8 DER_HIS |9 185624 |a BIBDER |b BIBDER |d 2019-11-14 |i 2530651 |o 946.24 MUÑ 1983 |p 2530651 |r 2023-01-25 |w 2019-11-14 |x Ubicación 4to Piso |y BK |z Estos recursos deben solicitarse con anticipación |k DER | ||